Les principaux jeux de la série The legend of Zelda - Statistiques

Statistiques générales
  • Ce quiz a été pris 85 fois
    19 depuis la dernière actualisation
  • Le résultat moyen est 16 sur 20
Statistiques - réponses
Réponse % Correct
Majora's Mask
100%
Ocarina of time
100%
The Wind Waker
100%
Breath of the Wild
92%
Tears of the Kingdom
92%
The Legend of Zelda
92%
A Link to the past
85%
Phantom Hourglass
85%
Skyward Sword
85%
The Minish Cap
85%
Twilight Princess
85%
Spirit Tracks
77%
The Adventure of Link
77%
Link's Awakening
69%
Oracle of Seasons
69%
Triforce Heroes
69%
A Link Between Worlds
62%
Oracle of Ages
62%
Echoes of Wisdom
54%
Four Swords Adventures
46%
Aucun quiz correspondant
Distribution des résultats
% des personnes avec chaque résultat
Percentile par nombre de réponses
Votre historique - résultats
Vous n’avez pas pris ce quiz depuis la dernière actualisation